Statistiques concernant Culture général des villes 4

Cliquez ici pour prendre le quiz!

Statistiques générales

  • Ce quiz a été pris 48 fois
  • Le résultat moyen est 53 sur 90

Statistiques - réponses

QuestionTuileSelect% Correct
Cliquez sur les villes SuédoiseTurkuNon
100%
Cliquez sur les villes SuédoiseMalmöOui
96%
Cliquez sur les villes SuédoiseOuluNon
96%
Cliquez sur les villes SuédoiseHelsinkiNon
94%
Cliquez sur les villes SuédoiseTampereNon
89%
Cliquez sur les villes SuédoiseGöteborgOui
87%
Cliquez sur les villes françaisesNon
85%
Cliquez sur les villes qui sont organisateurs d'un grand Chelem de tennis.ParisOui
85%
Cliquez sur les villes qui sont organisateurs d'un grand Chelem de tennis.TorontoNon
85%
Cliquez sur les villes françaisesNon
83%
Cliquez sur les villes françaisesOui
83%
Cliquez sur les villes MexicainesGuadalajaraOui
83%
Cliquez sur les villes Congolaises (RDC)KinshasaOui
83%
Cliquez sur les villes françaisesNon
81%
Cliquez sur les villes qui sont organisateurs d'un grand Chelem de tennis.LondresOui
81%
Cliquez sur les villes Congolaises (RDC)LuandaNon
81%
Cliquez sur les villes françaisesNon
79%
Cliquez sur les villes qui sont organisateurs d'un grand Chelem de tennis.BarceloneNon
79%
Cliquez sur les villes Congolaises (RDC)KigaliNon
79%
Cliquez sur les villes qui sont organisateurs d'un grand Chelem de tennis.RomeNon
79%
Cliquez sur les villes qui sont organisateurs d'un grand Chelem de tennis.San FranciscoNon
79%
Cliquez sur les villes SuédoiseBergenNon
74%
Cliquez sur les villes Congolaises (RDC)KampalaNon
74%
Cliquez sur les villes considerées comme Alpha+TokyoOui
74%
Cliquez sur les villes considerées comme Alpha+BerlinNon
72%
Cliquez sur villes bordant l'Océan Indien.KhartoumNon
72%
Cliquez sur les villes traversées par le MississippiChicagoNon
70%
Cliquez sur les villes considerées comme Alpha+MoscouNon
70%
Cliquez sur les villes MexicainesSan AntonioNon
70%
Cliquez sur les villes ayant accueilli une Exposition UniverselleMontréalOui
68%
Cliquez sur les villes qui sont organisateurs d'un grand Chelem de tennis.New YorkOui
68%
Cliquez sur les villes traversées par le MississippiNouvelle-OrléansOui
68%
Cliquez sur les villes MexicainesTampaNon
68%
Cliquez sur les villes MexicainesTucsonNon
68%
Cliquez sur les villes françaisesOui
66%
Cliquez sur villes bordant l'Océan Indien.BombayOui
66%
Cliquez sur les villes Congolaises (RDC)DoualaNon
66%
Cliquez sur les villes considerées comme Alpha+JakartaNon
66%
Cliquez sur les villes traversées par le MississippiBaton RougeOui
64%
Cliquez sur les villes sans points d'eaux (Fleuves, Rivieres, Lacs, Bords de Mer) la traversant.DetroitNon
64%
Cliquez sur les villes MexicainesMonterreyOui
64%
Cliquez sur les villes considerées comme Alpha+ShanghaiOui
64%
Cliquez sur les villes traversées par le MississippiSt. LouisOui
64%
Cliquez sur les villes Congolaises (RDC)LubumbashiOui
62%
Cliquez sur les villes sans points d'eaux (Fleuves, Rivieres, Lacs, Bords de Mer) la traversant.MoscouNon
62%
Cliquez sur les villes ayant accueilli une Exposition UniversellePortoNon
62%
Cliquez sur les villes sans points d'eaux (Fleuves, Rivieres, Lacs, Bords de Mer) la traversant.Clermont-FerrandOui
60%
Cliquez sur les villes sans points d'eaux (Fleuves, Rivieres, Lacs, Bords de Mer) la traversant.New DelhiNon
60%
Cliquez sur les villes MexicainesPueblaOui
60%
Cliquez sur les villes traversées par le MississippiDes MoinesNon
57%
Cliquez sur les villes traversées par le MississippiKansas CityNon
57%
Cliquez sur les villes sans points d'eaux (Fleuves, Rivieres, Lacs, Bords de Mer) la traversant.Las VegasOui
57%
Cliquez sur les villes qui sont organisateurs d'un grand Chelem de tennis.MelbourneOui
57%
Cliquez sur les villes françaisesOui
55%
Cliquez sur les villes considerées comme Alpha+ParisOui
55%
Cliquez sur les villes qui sont organisateurs d'un grand Chelem de tennis.SydneyNon
55%
Cliquez sur les villes SuédoiseUppsalaOui
55%
Cliquez sur villes bordant l'Océan Indien.Dar es SalaamOui
53%
Cliquez sur les villes traversées par le MississippiNashvilleNon
53%
Cliquez sur les villes MexicainesSan Pedro SulaNon
53%
Cliquez sur villes bordant l'Océan Indien.ColomboOui
51%
Cliquez sur les villes françaisesOui
47%
Cliquez sur les villes traversées par le MississippiMemphisOui
47%
Cliquez sur les villes SuédoiseJönköpingOui
45%
Cliquez sur les villes considerées comme Alpha+Hong KongOui
43%
Cliquez sur les villes Congolaises (RDC)MbujimayiOui
40%
Cliquez sur les villes ayant accueilli une Exposition UniverselleOsakaOui
40%
Cliquez sur les villes françaisesOui
38%
Cliquez sur les villes sans points d'eaux (Fleuves, Rivieres, Lacs, Bords de Mer) la traversant.BamakoNon
38%
Cliquez sur les villes Congolaises (RDC)KanangaOui
38%
Cliquez sur les villes considerées comme Alpha+SingapourOui
38%
Cliquez sur les villes sans points d'eaux (Fleuves, Rivieres, Lacs, Bords de Mer) la traversant.AtlantaOui
34%
Cliquez sur les villes ayant accueilli une Exposition UniverselleBuenos AiresOui
34%
Cliquez sur les villes Congolaises (RDC)ButemboOui
34%
Cliquez sur les villes sans points d'eaux (Fleuves, Rivieres, Lacs, Bords de Mer) la traversant.MilanOui
34%
Cliquez sur les villes ayant accueilli une Exposition UniverselleRio de JaneiroNon
34%
Cliquez sur villes bordant l'Océan Indien.DurbanOui
32%
Cliquez sur les villes MexicainesHermosilloOui
32%
Cliquez sur villes bordant l'Océan Indien.Kuala LumpurNon
32%
Cliquez sur les villes traversées par le MississippiMinneapolisOui
32%
Cliquez sur villes bordant l'Océan Indien.ChennaiOui
30%
Cliquez sur les villes ayant accueilli une Exposition UniverselleLyonOui
30%
Cliquez sur les villes MexicainesAguascalientesOui
28%
Cliquez sur villes bordant l'Océan Indien.BangkokNon
28%
Cliquez sur les villes sans points d'eaux (Fleuves, Rivieres, Lacs, Bords de Mer) la traversant.JohannesbourgOui
28%
Cliquez sur villes bordant l'Océan Indien.AntananarivoNon
26%
Cliquez sur les villes considerées comme Alpha+Los AngelesNon
26%
Cliquez sur les villes ayant accueilli une Exposition UniverselleGandOui
23%
Cliquez sur les villes ayant accueilli une Exposition UniverselleSaragosseOui
19%
Cliquez sur les villes ayant accueilli une Exposition UniverselleRomeNon
17%

Distribution des résultats

Percentile par nombre de réponses

% des personnes avec chaque résultat

Votre développement - résultats

Vous n’avez pas pris ce quiz